Statystyki dla Dzielnice Warszawy po Stereotypach

Kliknij tutaj aby rozwiązać quiz!

Ogólne statystyki

  • Ten quiz został rozwiązany 142 razy
  • Średni wynik to 15 z 18

Statystyki odpowiedzi

StereotypDzielnica% Poprawnych
Najbardziej agresywna dzielnicaPraga-Północ
96%
Jest tu tylko GocławPraga-Południe
93%
CentrumŚródmieście
92%
Plac Wilsona i blisko stąd do centrumŻoliborz
90%
Poplątanie biurowców z parkamiMokotów
89%
Mała i ma traktoryUrsus
89%
Same bloki i metroUrsynów
88%
Najbardziej urokliwa dzielnicaWola
87%
Wielka sypialniaBiałołęka
85%
Dzielnica bogaczyWilanów
85%
Pola, forty, bloki, szarość i tramwajeBemowo
82%
Duży cmentarz i metroBielany
81%
Mała, zielona i spokojnaOchota
81%
To tylko lotniskoWłochy
81%
Duża a nic tu nie maWawer
80%
To już nie warszawaRembertów
78%
Fabryki i dużo metraTargówek
76%
Nic tu nie ma poza lasemWesoła
73%

Rozkład punktacji

Percentyl według liczby udzielonych odpowiedzi

Procent ludzi z każdym wynikiem

Twoja historia wyników

Nie rozwiązałeś tego quizu